00817nam a22002417a 45000010005000000030006000050050017000110080041000280200015000690400029000840500015001130820011001281000022001392450047001612500046002082600035002543000064002895050008003535200127003615210029004885210021005176500037005386986FISKH20250616110535.0250616b cb ||||| |||| 00| 0 eng d a0439216257 aFISKHbengcFISKHdFISKH aPZ8.H553 D a782.42 aHillenbrand, Will aDown by the station /cBy Will Hillenbrand aFirst scholastic printing, September 2000 aNew York :bNew York , c1999. a40 unnumbered pages : bcolor illustrations ; c23x28 cm .  aD  aIn this version of a familiar song, baby animals ride to the children's zoo on the zoo train. Printed music on last page. 8 a160 bLexile estimate 8 aD bRaz-Plus  aArt and MusicvJuvenile Fiction